| 000 | 01637nam2a22002891 4500 | ||
|---|---|---|---|
| 001 | RU\NLR\INFOCOMM20\1000013061 | ||
| 005 | 20250617071911.0 | ||
| 035 | _a(NLR Aleph) 002547514 | ||
| 090 |
_a2990043 _c2990043 |
||
| 100 | _a20040524d1997 |||y0rusy50 ca | ||
| 101 | 0 | _arus | |
| 102 | _aRU | ||
| 105 | _ay ||||||||| | ||
| 200 | 1 |
_aНДС метод счетов-фактур _fА.Н. Головкин |
|
| 210 |
_d1997 _aБ. м. |
||
| 421 | 0 |
_12001#$aЦентр экономических экспертиз Налоги и финансовое право _1210##$aЕкатеринбург$d1997 _1215##$a[16] с. _1309##$a(вкладка) _tЦентр экономических экспертиз Налоги и финансовое право |
|
| 421 | 0 |
_12001#$aЦентр экономических экспертиз Налоги и финансовое право _tЦентр экономических экспертиз Налоги и финансовое право |
|
| 461 | 0 |
_1001RU\NLR\INFOCOMM20\1000013007 _12001#$aНалоги и финансовое право$eЖурн.$fЦентр экон. экспертиз "Налоги и фин. право"$v№64(1) _92989575 _cЕкатеринбург _d1994 - _fЦентр экон. экспертиз "Налоги и фин. право" _oЖурн. _tНалоги и финансовое право _x2078-7561 _v№64(1) |
|
| 700 | 1 |
_aГоловкин _bА.Н. _4070 |
|
| 801 | 1 |
_aRU _bInfoComm _c20040524 |
|
| 801 | 0 |
_aRU _bNLR _gPSBO |
|
| 801 | 2 |
_aRU _bNLR _c20070219 _2rusmarc |
|
| 852 |
_aNLR _jП22/6572 |
||
| 942 | _cISSUE | ||
| 980 | _aNB | ||
| 980 | _aRUSPER | ||